[Event "Chigorin Memorial 28th"]
[Site "St Petersburg"]
[Date "2021.10.29"]
[Round "7"]
[White "Chervyakova, Tatiana"]
[Black "Aseev, Vladimir"]
[Result "1-0"]
[WhiteElo "1630"]
[BlackElo "2019"]
[PlyCount "83"]
[EventDate "2021.10.23"]
[EventType "swiss"]
[EventRounds "9"]
[EventCountry "RUS"]
[SourceTitle "EXT 2023"]
[Source "ChessBase"]
[SourceDate "2022.10.05"]
[SourceVersion "1"]
[SourceVersionDate "2022.10.05"]
[SourceQuality "1"]

1. d4 Nf6 2. Nf3 d5 3. c4 c6 4. cxd5 cxd5 5. Nc3 e6 6. Bf4 Nc6 7. e3 Be7 8. Bd3 0-0 9. h3 Qb6 10. a3 Bd7 11. Na4 Qd8 12. b4 b6 13. 0-0 Ne4 14. Rc1 f5 15. Ba6 g5 16. Bh2 g4 17. hxg4 fxg4 18. Ne5 Nxe5 19. Bxe5 h5 20. Nc3 Nd6 21. Qd3 Qe8 22. e4 Nf7 23. exd5 Nxe5 24. dxe5 Bg5 25. Rce1 Rf4 26. Ne4 Bh4 27. Bc4 b5 28. Bb3 Qg6 29. dxe6 Bc6 30. Bd5 Rd8 31. e7+ Rxd5 32. Qe3 Rxe4 33. Qxe4 Qxe4 34. Rxe4 Bxe7 35. Rc1 Be8 36. Rc8 Rd8 37. Rc7 Rd7 38. Rc8 Bd8 39. e6 Rd1+ 40. Kh2 g3+ 41. fxg3 Kf8 42. Rxd8 1-0

[Event "Chigorin Memorial 28th"]
[Site "St Petersburg"]
[Date "2021.10.25"]
[Round "3"]
[White "Satanovskaia, Evgeniia"]
[Black "Aseev, Vladimir"]
[Result "1-0"]
[WhiteElo "1709"]
[BlackElo "2019"]
[PlyCount "78"]
[EventDate "2021.10.23"]
[EventType "swiss"]
[EventRounds "9"]
[EventCountry "RUS"]
[SourceTitle "EXT 2023"]
[Source "ChessBase"]
[SourceDate "2022.10.05"]
[SourceVersion "1"]
[SourceVersionDate "2022.10.05"]
[SourceQuality "1"]

1. d4 Nf6 2. c4 c6 3. Nc3 d5 4. e3 g6 5. Nf3 Bg7 6. b3 0-0 7. Be2 Bg4 8. 0-0 h5 9. Ne5 Bf5 10. Bb2 Nbd7 11. Rc1 e6 12. f4 Nxe5 13. fxe5 Ng4 14. Bxg4 Bxg4 15. Qd3 Bf5 16. Qe2 Bh6 17. Rce1 Rc8 18. Ba3 Re8 19. Rf2 Qa5 20. Bb2 Qb4 21. e4 dxe4 22. Nxe4 Bxe4 23. Qxe4 a5 24. Ref1 Rc7 25. Rf3 Qf8 26. Rf6 Qg7 27. Ba3 Bg5 28. Bd6 Rd7 29. R6f3 Qh6 30. Qd3 Bd8 31. d5 cxd5 32. cxd5 Qg7 33. Qb5 f5 34. exf6 Qf7 35. dxe6 Qxe6 36. f7+ Rxf7 37. Rxf7 Bb6+ 38. Qxb6 Qxf7 39. Rxf7 Kxf7 1-0

[Event "Chigorin Memorial 27th"]
[Site "St Petersburg"]
[Date "2019.10.09"]
[Round "5"]
[White "Aseev, Vladimir"]
[Black "Grekhov, Luka"]
[Result "1-0"]
[WhiteElo "2057"]
[BlackElo "1601"]
[PlyCount "55"]
[EventDate "2019.10.05"]
[EventType "swiss"]
[EventRounds "9"]
[EventCountry "RUS"]
[SourceTitle "EXT 2020"]
[Source "ChessBase"]
[SourceDate "2019.10.17"]
[SourceVersion "1"]
[SourceVersionDate "2019.10.17"]
[SourceQuality "1"]

1. d4 Nf6 2. Nf3 e6 3. Bg5 h6 4. Bh4 c5 5. e3 Nc6 6. c3 d5 7. Bd3 Bd6 8. Nbd2 a6 9. a4 c4 10. Bb1 Rb8 11. 0-0 b5 12. e4 Be7 13. Bg3 Rb6 14. h3 b4 15. Ne5 a5 16. f4 Bb7 17. f5 Nxe5 18. dxe5 Nh7 19. Bf2 Ra6 20. Bd4 b3 21. Qg4 Bg5 22. fxe6 Rxe6 23. exd5 Bxd5 24. Ne4 Bxe4 25. Bxe4 0-0 26. Rxf7 Kxf7 27. Bxh7 g6 28. Rf1+ 1-0

[Event "Chigorin Memorial 26th"]
[Site "St Petersburg"]
[Date "2018.11.01"]
[Round "6"]
[White "Khakimov, Timur"]
[Black "Aseev, Vladimir"]
[Result "1-0"]
[WhiteElo "2288"]
[BlackElo "2063"]
[PlyCount "105"]
[EventDate "2018.10.27"]
[EventType "swiss"]
[EventRounds "9"]
[EventCountry "RUS"]
[SourceTitle "CBM 187 Extra"]
[Source "ChessBase"]
[SourceDate "2018.11.04"]
[SourceVersion "1"]
[SourceVersionDate "2018.11.04"]
[SourceQuality "1"]

1. d4 Nf6 2. Nf3 d6 3. Bg5 Nbd7 4. Nbd2 h6 5. Bh4 g6 6. c3 Bg7 7. e4 Nh5 8. Qc2 c5 9. Nc4 Qc7 10. Rc1 b6 11. Bd3 Nf4 12. 0-0 Nxd3 13. Qxd3 Nb8 14. Ne3 e6 15. dxc5 dxc5 16. Bg3 Ba6 17. Qc2 Qb7 18. Rfe1 0-0 19. Rcd1 Nc6 20. e5 Rfd8 21. Ng4 Ne7 22. Nf6+ Bxf6 23. exf6 Nf5 24. Nh4 Nxh4 25. Bxh4 Qc6 26. Bg3 Rd5 27. Qc1 Kh7 28. Rxd5 exd5 29. Qf4 Re8 30. Re7 Rxe7 31. fxe7 Qe6 32. Qe5 Bb5 33. f3 Qd7 34. Qf6 Qe6 35. Qxe6 fxe6 36. Bb8 d4 37. c4 d3 38. Kf2 d2 39. Ke2 Bxc4+ 40. Kxd2 Bb5 41. Bxa7 Kg7 42. Bxb6 c4 43. Kc3 Kf7 44. Kb4 Ba6 45. Bc5 Ke8 46. Ka5 Bb7 47. Kb6 Bd5 48. a4 Kd7 49. a5 e5 50. a6 e4 51. fxe4 Bxe4 52. g3 h5 53. Ka7 1-0

[Event "Chigorin Memorial 26th"]
[Site "St Petersburg"]
[Date "2018.10.31"]
[Round "5"]
[White "Aseev, Vladimir"]
[Black "Chugunov, Vadim"]
[Result "1-0"]
[WhiteElo "2063"]
[BlackElo "1790"]
[PlyCount "69"]
[EventDate "2018.10.27"]
[EventType "swiss"]
[EventRounds "9"]
[EventCountry "RUS"]
[SourceTitle "CBM 187 Extra"]
[Source "ChessBase"]
[SourceDate "2018.11.04"]
[SourceVersion "1"]
[SourceVersionDate "2018.11.04"]
[SourceQuality "1"]

1. d4 Nf6 2. c4 g6 3. Nc3 d5 4. Nf3 Bg7 5. Bg5 Ne4 6. Bf4 Nxc3 7. bxc3 dxc4 8. Qa4+ c6 9. Qxc4 Be6 10. Qd3 0-0 11. e3 Qa5 12. Be2 Bf5 13. Qd2 Nd7 14. 0-0 Nf6 15. Rfc1 Rfd8 16. Qb2 Rd7 17. Ne5 Rad8 18. Nxd7 Rxd7 19. Be5 Nd5 20. Bxg7 Kxg7 21. c4 Nf6 22. f3 Be6 23. Bf1 Qg5 24. Re1 h5 25. e4 Rc7 26. d5 cxd5 27. cxd5 Bc8 28. Rac1 Rxc1 29. Qxc1 Qxc1 30. Rxc1 Bd7 31. Rc7 Ba4 32. Rxb7 a5 33. Ra7 Bc2 34. Rxa5 Nd7 35. Ra7 1-0

[Event "Chigorin Memorial 26th"]
[Site "St Petersburg"]
[Date "2018.10.30"]
[Round "4"]
[White "Karasev, Vladimir I"]
[Black "Aseev, Vladimir"]
[Result "1-0"]
[WhiteElo "2338"]
[BlackElo "2063"]
[PlyCount "110"]
[EventDate "2018.10.27"]
[EventType "swiss"]
[EventRounds "9"]
[EventCountry "RUS"]
[SourceTitle "CBM 187 Extra"]
[Source "ChessBase"]
[SourceDate "2018.11.04"]
[SourceVersion "1"]
[SourceVersionDate "2018.11.04"]
[SourceQuality "1"]

1. c4 Nf6 2. d4 d6 3. Nf3 Nbd7 4. Nc3 e5 5. e4 Be7 6. Be2 0-0 7. 0-0 exd4 8. Nxd4 Nc5 9. f3 a5 10. Be3 c6 11. Qd2 Qc7 12. Rac1 Rd8 13. Kh1 a4 14. Rfd1 Ne8 15. Qe1 g6 16. Qg3 Ng7 17. f4 f5 18. exf5 Bxf5 19. Qf2 Bc8 20. Bf3 Rf8 21. Ne4 Nce6 22. Nxe6 Bxe6 23. Bb6 Qb8 24. Qd2 Nf5 25. Ng5 Bf7 26. Nxf7 Rxf7 27. Bf2 h5 28. Re1 Qf8 29. Re4 Bf6 30. Rce1 Qg7 31. Re8+ Rf8 32. Rxa8 Rxa8 33. Re2 Qf7 34. Qd3 Kg7 35. Bxh5 Rh8 36. Bg4 Qd7 37. h3 Rd8 38. Bxf5 gxf5 39. Bd4 Rf8 40. Bxf6+ Rxf6 41. Qd4 Kf7 42. Kh2 Re6 43. Re5 Re7 44. Re3 Rxe3 45. Qxe3 d5 46. cxd5 cxd5 47. Qd4 b5 48. Qh8 Kg6 49. Qg8+ Kf6 50. g4 fxg4 51. Qxg4 Qc6 52. Qg5+ Kf7 53. Qf5+ Kg7 54. Qe5+ Kf7 55. Kg3 Qg6+ 1-0

[Event "Heart of Finland op 28th"]
[Site "Jyvaskyla"]
[Date "2018.07.16"]
[Round "1"]
[White "Aseev, Vladimir"]
[Black "Komulainen, Lauri"]
[Result "0-1"]
[WhiteElo "2086"]
[BlackElo "1935"]
[PlyCount "68"]
[EventDate "2018.07.16"]
[EventType "swiss"]
[EventRounds "9"]
[EventCountry "FIN"]
[SourceTitle "EXT 2021"]
[Source "ChessBase"]
[SourceDate "2020.10.23"]
[SourceVersion "1"]
[SourceVersionDate "2020.10.23"]
[SourceQuality "1"]

1. d4 d5 2. c4 c6 3. e3 Nf6 4. Nc3 e6 5. Nf3 Nbd7 6. Qc2 Bd6 7. Bd3 dxc4 8. Bxc4 0-0 9. 0-0 b5 10. Bb3 a6 11. e4 e5 12. Bg5 exd4 13. Nxd4 Bxh2+ 14. Kxh2 Ng4+ 15. Kg3 Qxg5 16. f4 Qc5 17. Qd3 Nde5 18. Qd2 Rd8 19. fxe5 Rxd4 20. Qf4 Rd3+ 21. Kh4 Qe7+ 22. Qg5 Qxg5+ 23. Kxg5 h6+ 24. Kh4 Nxe5 25. Rad1 g5+ 26. Kh5 Bg4+ 27. Kxh6 Bxd1 28. Nxd1 Rd6+ 29. Kxg5 Rg6+ 30. Kf5 Nd7 31. e5 Kg7 32. Ne3 Re8 33. Ng4 Nxe5 34. Re1 f6 0-1

[Event "Chigorin Memorial 25th"]
[Site "St Petersburg"]
[Date "2017.10.21"]
[Round "1"]
[White "Praggnanandhaa, Rameshbabu"]
[Black "Aseev, Vladimir"]
[Result "1-0"]
[WhiteElo "2503"]
[BlackElo "2082"]
[PlyCount "55"]
[EventDate "2017.10.21"]
[EventType "swiss"]
[EventRounds "9"]
[EventCountry "RUS"]
[SourceTitle "CBM 181 Extra"]
[Source "ChessBase"]
[SourceDate "2017.12.12"]
[SourceVersion "1"]
[SourceVersionDate "2017.12.12"]
[SourceQuality "1"]

1. e4 c5 2. Nf3 d6 3. c3 Nf6 4. Be2 Nbd7 5. d3 g6 6. 0-0 Bg7 7. Nbd2 0-0 8. Re1 a6 9. d4 Qc7 10. Bd3 e5 11. d5 b5 12. b3 c4 13. bxc4 Nc5 14. Bf1 Bd7 15. Ba3 bxc4 16. Bxc4 Bb5 17. Qc2 Nfxe4 18. Rxe4 Nxe4 19. Qxe4 Rfc8 20. Bxb5 Qxc3 21. Nb3 f5 22. Qe2 e4 23. Bc6 exf3 24. Qe6+ Kh8 25. Bxa8 Rxa8 26. Rc1 Qf6 27. Qxf6 Bxf6 28. gxf3 1-0

[Event "Chigorin Memorial 23rd"]
[Site "St Petersburg"]
[Date "2015.10.11"]
[Round "9"]
[White "Melnikov, Dmitry"]
[Black "Aseev, Vladimir"]
[Result "1-0"]
[WhiteElo "2272"]
[BlackElo "2087"]
[PlyCount "105"]
[EventDate "2015.10.03"]
[EventType "swiss"]
[EventRounds "9"]
[EventCountry "RUS"]
[SourceTitle "CBM 168 Extra"]
[Source "ChessBase"]
[SourceDate "2015.10.29"]
[SourceVersion "1"]
[SourceVersionDate "2015.10.29"]
[SourceQuality "1"]

1. f4 Nf6 2. Nf3 g6 3. g3 Bg7 4. Bg2 0-0 5. 0-0 c5 6. d3 d5 7. Qe1 b6 8. e4 dxe4 9. dxe4 Bb7 10. Nc3 e6 11. e5 Nd5 12. Ne4 Nc6 13. Nd6 Ba6 14. c4 Nde7 15. Ng5 Qd7 16. Be3 f6 17. exf6 Bxf6 18. Rd1 Rad8 19. Nb5 Qxd1 20. Qxd1 Rxd1 21. Rxd1 Bxb5 22. cxb5 Nd4 23. a4 Bxg5 24. fxg5 Nef5 25. Bf2 Ne2+ 26. Kh1 Nfd4 27. Be1 Rf5 28. Bd2 Nb3 29. Bh3 Re5 30. Bc3 Ned4 31. Bf1 Rxg5 32. Bc4 Rf5 33. Kg2 Kf8 34. Bxb3 Nxb3 35. Rd8+ Ke7 36. Ra8 Rd5 37. Rxa7+ Rd7 38. Bf6+ Kd6 39. Be5+ Ke7 40. Bc7 Rd2+ 41. Kh3 Kf6 42. Bxb6 Rxb2 43. Rxh7 e5 44. Rc7 Ra2 45. a5 e4 46. a6 e3 47. Rc6+ Kf5 48. Bxc5 Nxc5 49. Rxc5+ Ke4 50. Rc8 Kd4 51. Re8 Kc5 52. Rxe3 Kxb5 53. Re6 1-0

[Event "Chigorin Memorial 23rd"]
[Site "St Petersburg"]
[Date "2015.10.09"]
[Round "7"]
[White "Karpenko, Artem"]
[Black "Aseev, Vladimir"]
[Result "1-0"]
[WhiteElo "2274"]
[BlackElo "2087"]
[PlyCount "77"]
[EventDate "2015.10.03"]
[EventType "swiss"]
[EventRounds "9"]
[EventCountry "RUS"]
[SourceTitle "CBM 168 Extra"]
[Source "ChessBase"]
[SourceDate "2015.10.29"]
[SourceVersion "1"]
[SourceVersionDate "2015.10.29"]
[SourceQuality "1"]

1. d4 d5 2. c4 c6 3. Nf3 Nf6 4. Nc3 dxc4 5. e3 b5 6. a4 Nd5 7. Ne5 Be6 8. axb5 Nxc3 9. bxc3 cxb5 10. Qf3 Nd7 11. Nc6 Qc7 12. d5 Ne5 13. Qg3 Nd3+ 14. Bxd3 Qxg3 15. hxg3 Bxd5 16. Nb4 Bxg2 17. Rh2 Bb7 18. Bf1 a5 19. Nc2 e5 20. Rb1 Bc6 21. f4 Bd6 22. Ba3 b4 23. cxb4 Be4 24. Bg2 Bxg2 25. Rxg2 exf4 26. gxf4 axb4 27. Bxb4 Rb8 28. Rxg7 h5 29. Kd2 Be7 30. Rgg1 Bf6 31. Bc3 Rd8+ 32. Bd4 Bxd4 33. Nxd4 Ra8 34. Ra1 Ke7 35. Kc3 Rac8 36. Ra7+ Kf8 37. Nf5 Rh7 38. Ne7 Rb8 39. Rg8# 1-0

[Event "Chigorin Memorial 23rd"]
[Site "St Petersburg"]
[Date "2015.10.06"]
[Round "4"]
[White "Polozhentsev, Maksim"]
[Black "Aseev, Vladimir"]
[Result "0-1"]
[WhiteElo "1897"]
[BlackElo "2087"]
[PlyCount "102"]
[EventDate "2015.10.03"]
[EventType "swiss"]
[EventRounds "9"]
[EventCountry "RUS"]
[SourceTitle "CBM 168 Extra"]
[Source "ChessBase"]
[SourceDate "2015.10.29"]
[SourceVersion "1"]
[SourceVersionDate "2015.10.29"]
[SourceQuality "1"]

1. d4 d5 2. c4 c6 3. Nf3 Nf6 4. Nc3 dxc4 5. a4 Na6 6. e3 Bg4 7. Bxc4 e6 8. 0-0 Be7 9. h3 Bh5 10. Be2 0-0 11. Ne5 Bxe2 12. Qxe2 Nb4 13. Bd2 Qc7 14. Na2 Nxa2 15. Rxa2 Rad8 16. b4 Qb8 17. Rc1 Ne4 18. Be1 Rd5 19. f3 Nf6 20. Bc3 Rc8 21. Rac2 a6 22. Bd2 Bd6 23. Nc4 Bh2+ 24. Kh1 Rcd8 25. f4 Bg3 26. Qf3 Nh5 27. Nb6 Rf5 28. e4 Rxf4 29. Bxf4 Bxf4 30. Qxh5 Bxc1 31. Rxc1 Rxd4 32. b5 Rxe4 33. bxc6 bxc6 34. Qc5 Qf4 35. Qxc6 h6 36. Nd7 h5 37. Qc5 Rxa4 38. Rb1 Rc4 39. Rb8+ Qxb8 40. Qxc4 Qb1+ 41. Kh2 Qb5 42. Qc8+ Kh7 43. Qc7 Qf5 44. Nc5 e5 45. Qb6 Qf4+ 46. Kh1 e4 47. Nxa6 e3 48. Qb1+ g6 49. Nc5 e2 50. Qg1 Qd2 51. Ne4 Qd1 0-1

[Event "Chigorin Memorial 23rd"]
[Site "St Petersburg"]
[Date "2015.10.04"]
[Round "2"]
[White "Aseev, Vladimir"]
[Black "Efimenko, Aleksandr"]
[Result "1-0"]
[WhiteElo "2087"]
[BlackElo "1871"]
[PlyCount "81"]
[EventDate "2015.10.03"]
[EventType "swiss"]
[EventRounds "9"]
[EventCountry "RUS"]
[SourceTitle "CBM 168 Extra"]
[Source "ChessBase"]
[SourceDate "2015.10.29"]
[SourceVersion "1"]
[SourceVersionDate "2015.10.29"]
[SourceQuality "1"]

1. d4 d5 2. c4 e6 3. Nc3 c6 4. cxd5 exd5 5. Nf3 Bf5 6. Bg5 Be7 7. Bxe7 Nxe7 8. e3 Nd7 9. Be2 0-0 10. Nh4 Bg6 11. Nxg6 Nxg6 12. h4 f5 13. h5 Nh8 14. Qc2 Qg5 15. Bd3 Rac8 16. 0-0-0 Nb6 17. g4 Nf7 18. Bxf5 Rc7 19. Nb5 Re7 20. f4 Qf6 21. Bxh7+ Kh8 22. g5 Qe6 23. Na3 Qxe3+ 24. Kb1 Nxg5 25. fxg5 Rf2 26. Qd3 Qxg5 27. Rde1 Nd7 28. Rxe7 Qxe7 29. Nc2 Nf6 30. Re1 Qd6 31. Bg6 b6 32. Qc3 Rf4 33. a3 c5 34. Ka2 a5 35. Qg3 Ne4 36. Qe3 Nf6 37. Qh3 Qc7 38. Qe6 Nd7 39. Qxd5 b5 40. Re8+ Nf8 41. Qxc5 1-0

[Event "Chigorin Memorial 22nd"]
[Site "St Petersburg"]
[Date "2014.10.22"]
[Round "5"]
[White "Aseev, Vladimir"]
[Black "Borunova, Tatiana"]
[Result "1-0"]
[WhiteElo "2094"]
[BlackElo "1629"]
[PlyCount "115"]
[EventDate "2014.10.18"]
[EventType "swiss"]
[EventRounds "9"]
[EventCountry "RUS"]
[SourceTitle "EXT 2015"]
[Source "ChessBase"]
[SourceDate "2014.11.20"]
[SourceVersion "1"]
[SourceVersionDate "2014.11.20"]
[SourceQuality "1"]

1. Nf3 Nf6 2. g3 d6 3. Bg2 e5 4. 0-0 c6 5. b3 Bf5 6. Bb2 g6 7. d3 Qd7 8. Re1 Bg7 9. e4 Bg4 10. d4 Bxf3 11. Bxf3 Qc7 12. Nd2 Nbd7 13. Nc4 0-0 14. Nxd6 Qxd6 15. dxe5 Qxd1 16. Raxd1 Nxe5 17. Bxe5 Rfe8 18. Bd4 a6 19. Bb6 Re7 20. Bg2 Nd7 21. Ba5 Rae8 22. Bb4 c5 23. Ba3 f5 24. f3 fxe4 25. fxe4 b5 26. Bh3 Bd4+ 27. Rxd4 cxd4 28. Bxe7 Rxe7 29. Bxd7 Rxd7 30. Rd1 b4 31. Kf2 Kf7 32. Ke2 Ke6 33. a3 a5 34. axb4 axb4 35. Ra1 Rc7 36. Kd3 Rc3+ 37. Kxd4 Rxc2 38. Ra6+ Kf7 39. Ra7+ Ke6 40. Rxh7 Rc3 41. Rg7 Kf6 42. Rb7 Rxb3 43. Rb6+ Kf7 44. Ke5 Rb2 45. Rb7+ Ke8 46. h4 Rb3 47. Kf4 Rb1 48. Kg5 Kf8 49. Kf6 Ke8 50. g4 b3 51. Rb8+ Kd7 52. Kxg6 b2 53. Kg5 Ke7 54. h5 Kf7 55. h6 Ke6 56. h7 Rh1 57. Kg6 Rg1 58. g5 1-0

[Event "Chigorin Memorial 22nd"]
[Site "St Petersburg"]
[Date "2014.10.19"]
[Round "2"]
[White "Usmanov, Vasily"]
[Black "Aseev, Vladimir"]
[Result "1-0"]
[WhiteElo "2427"]
[BlackElo "2094"]
[PlyCount "35"]
[EventDate "2014.10.18"]
[EventType "swiss"]
[EventRounds "9"]
[EventCountry "RUS"]
[SourceTitle "EXT 2015"]
[Source "ChessBase"]
[SourceDate "2014.11.20"]
[SourceVersion "1"]
[SourceVersionDate "2014.11.20"]
[SourceQuality "1"]

1. c4 Nf6 2. Nc3 g6 3. e4 d6 4. d4 Bg7 5. Be2 0-0 6. Bg5 Nbd7 7. Qd2 c5 8. d5 b5 9. cxb5 a6 10. Nf3 Qa5 11. 0-0 axb5 12. Bxb5 Ba6 13. Bxa6 Rxa6 14. Bh6 Bxh6 15. Qxh6 Qb4 16. Rab1 Nxe4 17. Nxe4 Qxe4 18. Ng5 1-0

[Event "Heart of Finland op 24th"]
[Site "Jyvaskyla"]
[Date "2014.07.11"]
[Round "7"]
[White "Yachmenev, Mikhail A"]
[Black "Aseev, Vladimir"]
[Result "1-0"]
[WhiteElo "2191"]
[BlackElo "2060"]
[PlyCount "49"]
[EventDate "2014.07.07"]
[EventType "swiss"]
[EventRounds "9"]
[EventCountry "FIN"]
[SourceTitle "EXT 2019"]
[Source "ChessBase"]
[SourceDate "2018.10.10"]
[SourceVersion "1"]
[SourceVersionDate "2018.10.10"]
[SourceQuality "1"]

1. e4 c5 2. Nf3 d6 3. d4 cxd4 4. Nxd4 Nf6 5. Nc3 a6 6. Bg5 e6 7. f4 Be7 8. Qf3 Qc7 9. 0-0-0 b5 10. Bd3 Bb7 11. Rhe1 Nbd7 12. Kb1 h6 13. Bh4 Rc8 14. Qg3 g5 15. fxg5 Nh5 16. Qe3 Qc5 17. e5 Nxe5 18. Be4 Ba8 19. Bxa8 Rxa8 20. Ne4 Qc7 21. g6 Nxg6 22. Bxe7 Qxe7 23. Qf3 Rg8 24. Nxb5 axb5 25. Nxd6+ 1-0

[Event "Chigorin Memorial 21st"]
[Site "St Petersburg"]
[Date "2013.10.11"]
[Round "7"]
[White "Aseev, Vladimir"]
[Black "Popov, Alexei"]
[Result "1-0"]
[WhiteElo "2064"]
[BlackElo "1858"]
[PlyCount "127"]
[EventDate "2013.10.05"]
[EventType "swiss"]
[EventRounds "9"]
[EventCountry "RUS"]
[SourceTitle "CBM 156 Extra"]
[Source "ChessBase"]
[SourceDate "2013.10.22"]
[SourceVersion "1"]
[SourceVersionDate "2013.10.22"]
[SourceQuality "1"]

1. d4 Nf6 2. Nf3 e6 3. Bf4 c5 4. e3 d5 5. c3 Nbd7 6. Nbd2 a6 7. a4 b6 8. Bd3 Bb7 9. 0-0 Be7 10. Ne5 0-0 11. Qf3 Nxe5 12. dxe5 Ne8 13. Qh3 g6 14. Bh6 Ng7 15. f4 Bc8 16. Nf3 f6 17. g4 f5 18. gxf5 exf5 19. Rad1 Qe8 20. Bc2 Be6 21. Rf2 Qf7 22. Bb3 Rfd8 23. Rfd2 b5 24. Bg5 c4 25. Bc2 Nh5 26. Qh4 Kf8 27. axb5 axb5 28. Nd4 Ra6 29. Rb1 Rb8 30. Bd1 Bxg5 31. Qxg5 Ng7 32. Nc2 Rab6 33. Ra1 Qb7 34. Bf3 Bf7 35. Nb4 Ra8 36. Rad1 Qe7 37. Qxe7+ Kxe7 38. Bxd5 Rc8 39. Bxf7 Kxf7 40. Rd7+ Kf8 41. Ra7 g5 42. Rdd7 Rg6 43. Kf2 Ne8 44. Rxh7 Kg8 45. Rhd7 Rh6 46. Kg3 gxf4+ 47. exf4 Rg6+ 48. Kf3 Rh6 49. Nd5 Kh8 50. Ne7 Rb8 51. Nxf5 Rxh2 52. Rf7 Nc7 53. Raxc7 Rd8 54. Rcd7 Rxd7 55. Rxd7 Rh3+ 56. Ke4 Rh1 57. e6 Re1+ 58. Ne3 Kg8 59. f5 b4 60. f6 b3 61. f7+ Kg7 62. Rd8 Kh7 63. f8Q Rxe3+ 64. Kxe3 1-0

[Event "Heart of Finland op 23rd"]
[Site "Jyvaskyla"]
[Date "2013.07.13"]
[Round "8"]
[White "Aseev, Vladimir"]
[Black "Ahvenjarvi, Jani"]
[Result "0-1"]
[WhiteElo "2063"]
[BlackElo "2238"]
[PlyCount "82"]
[EventDate "2013.07.08"]
[EventType "swiss"]
[EventRounds "9"]
[EventCountry "FIN"]
[SourceTitle "EXT 2022"]
[Source "ChessBase"]
[SourceDate "2021.10.06"]
[SourceVersion "1"]
[SourceVersionDate "2021.10.06"]
[SourceQuality "1"]

1. d4 Nf6 2. c4 e6 3. Nf3 d5 4. Nc3 Be7 5. Bg5 0-0 6. e3 h6 7. Bf4 Nbd7 8. Bd3 c5 9. cxd5 Nxd5 10. Nxd5 exd5 11. 0-0 c4 12. Bc2 Nf6 13. Ne5 Be6 14. Rc1 Rc8 15. Bb1 b5 16. Qc2 Qb6 17. g4 Qb7 18. h4 Rfd8 19. f3 Kf8 20. Rf2 b4 21. g5 b3 22. Qd1 Ng8 23. Rg2 bxa2 24. Bxa2 Bh3 25. Rh2 Bf5 26. e4 dxe4 27. Bxc4 f6 28. fxe4 Qxe4 29. Bxg8 Qxf4 30. Rxc8 Rxc8 31. Rf2 Qg3+ 32. Kf1 Qh3+ 33. Kg1 Qg3+ 34. Kf1 Kxg8 35. Rxf5 fxe5 36. Rf3 Rc1 37. Rxg3 Rxd1+ 38. Ke2 Rxd4 39. gxh6 Bf6 40. h5 Rh4 41. hxg7 Rxh5 0-1